ბათუმის შოთა რუსთაველის სახელმწიფო უნივერსიტეტის ბიბლიოთეკა

მეთოდური მითითება სამაგისტრო ნაშრომის ( პროექტის) შესრულებისათვის / (ბიბ.ჩანაწერი № 58329)

000 -ლიდერი
ფიქსირებული სიგრძის საკონტროლო ველი 01412nam a22002297a 4500
003 - საკონტროლო ნომრის იდენტიფიკატორი
საკონტროლო ველი Ge_BSU
005 - ბოლო ოპერაციის თარიღი და დრო
საკონტროლო ველი 20211109133444.0
008 - ფიქსირებული სიგრძის მონაცემთა ელემენტები - ზოგადი ინფორმაცია
ფიქსირებული სიგრძის საკონტროლო ველი 211109s2008 ge ||||| |||| 00| 0 geo d
020 ## - წიგნის საერთაშორისო სტანდარტული ნომერი
International Standard Book Number 9789941121760
041 ## - ენის კოდი
Language code of text/sound track or separate title geo
080 ## - უნივერსალური ათობითი კლასიფიკაციის ინდექსი
Universal Decimal Classification number 665(035) მ-50
245 ## - ცნობა სათაურის შესახებ
Title მეთოდური მითითება სამაგისტრო ნაშრომის ( პროექტის) შესრულებისათვის /
Statement of responsibility, etc შემდგ.: ნ. მამულაიშვილი, ზ. მეგრელიშვილი, ე. ნიჟარაძე, გ. ფარცხალაძე; ბსუ. საინჟინრო-ტექნოლოგიური ფაკულტეტი.
264 ## - წარმოების, გამოცემის, დისტრიბუციის და სხვა ცნობები
გამოცემის, წარმოების, დისტრიბუციის... ადგილი თბილისი :
გამოცემის, წარმოების, დისტრიბუციის... სახელწოდება უნივერსალი,
გამოცემის, წარმოების, დისტრიბუციის... თარიღი 2008.
300 ## - ფიზიკური აღწერა
Extent 80 გვ.
Other physical details 20 სმ.
504 ## - BIBLIOGRAPHY, ETC. NOTE
Bibliography, etc ბიბლიოგრ. გვ. 77-78
700 ## - ADDED ENTRY--PERSONAL NAME
Personal name მამულაიშვილი, ნ.
Relator term შემდგენელი
9 (RLIN) 1823
700 ## - ADDED ENTRY--PERSONAL NAME
Personal name მეგრელიშვილი, ზ.
Relator term შემდგენელი
9 (RLIN) 2683
700 ## - ADDED ENTRY--PERSONAL NAME
Personal name ნიჟარაძე, ე.
Relator term შემდგენელი
9 (RLIN) 1822
700 ## - ADDED ENTRY--PERSONAL NAME
Personal name ფარცხალაძე, გ.
Relator term შემდგენელი
9 (RLIN) 2253
710 ## - ADDED ENTRY--CORPORATE NAME
Corporate name or jurisdiction name as entry element ბსუ
Subordinate unit საინჟინრო-ტექნოლოგიური ფაკულტეტი
9 (RLIN) 12860
942 ## - ADDED ENTRY ELEMENTS (KOHA)
Source of classification or shelving scheme
Koha item type წიგნი
ეგზემპლარები
ჩამოწერის სტატუსი დაკარგული ეგზემპლარის სტატუსი კლასიფიკაციის წყარო ან თაროზე გაწყობის სქემა დაზიანების სტატუსი არ გაიცემა მუდმივი მდებარეობა (დაცვის ადგილი) ამჟამინდელი ადგილსამყოფელი თაროზე განთავსების ადგილი შეძენის თარიღი ღირებულება, შესყიდვის ნორმალური ფასი სრული შენახვის შიფრი შტრიხკოდი ბოლო ოპერაციის თარიღი ეგზემპლარის მიმდევრობითი ნომერი (კეტერი?) ფასის ძალაში შესვლის თარიღი ეგზემპლარის სახეობა საჯარო შენიშვნა
          ტექნოლოგიური ფაკულტეტის ბიბლიოთეკა ტექნოლოგიური ფაკულტეტის ბიბლიოთეკა წიგნსაცავი 2021-11-09 4.00 665(035) მ-50 29280 2021-11-09 29280 2021-11-09 წიგნი 4 ლ.